|
|
|
|
| LEADER |
00000cam a2200000 7i4500 |
| 001 |
0000052042 |
| 005 |
20150915.0 |
| 008 |
150915 |
| 020 |
|
|
|a 9789670361680
|
| 090 |
0 |
0 |
|a CUS
|b MAL
|
| 100 |
0 |
|
|a Mas Anom Musdar
|
| 245 |
0 |
0 |
|a Permainan tradisional yang kugemari
|c Mas Anom Musdar
|
| 260 |
|
|
|a Selangor :
|b UG Press Sdn Bhd ,
|c 2014
|
| 490 |
0 |
|
|a Folk Literature, Malay
|
| 999 |
|
|
|a 0001307963
|b Book
|c Children Collection
|e Cawangan Taman Universiti
|
| 999 |
|
|
|a 0001307964
|b Book
|c Children Collection
|e Cawangan Bandar Penawar
|
| 999 |
|
|
|a 0001307966
|b Book
|c Chinese Collection
|e Cawangan Bandar Tenggara
|
| 999 |
|
|
|a 0001307968
|b Book
|c Children Collection
|e Cawangan Sri Merlong
|
| 999 |
|
|
|a 0001307971
|b Book
|c Children Collection
|e Cawangan Tangkak
|
| 999 |
|
|
|a 0001307972
|b Book
|c Children Collection
|e Cawangan Bukit Gambir
|
| 999 |
|
|
|a 0001307973
|b Book
|c Children Collection
|e Cawangan Batu Pahat
|
| 999 |
|
|
|a 0001307974
|b Book
|c Children Collection
|e Cawangan Mersing
|
| 999 |
|
|
|a 0001307975
|b Book
|c Children Collection
|e Cawangan Kota Tinggi
|